Titres originaux des films : John Ford - Statistiques

Statistiques générales
  • Ce quiz a été pris 8 fois
  • Le résultat moyen est 8 sur 15
Statistiques - réponses
Titre original Titre français % Correct
The Grapes of Wrath Les Raisins de la colère
88%
The Searchers La Prisonnière du désert
75%
The Man Who Shot Liberty Valance L'Homme qui tua Liberty Valance
75%
How Green Was My Valley Qu'elle était verte ma vallée
75%
Stagecoach La Chevauchée fantastique
63%
Fort Apache Le Massacre de Fort Apache
63%
The Quiet Man L'Homme tranquille
63%
How the West was won La Conquête de l'Ouest
50%
My Darling Clementine La Poursuite infernale
50%
3 Godfathers Le Fils du désert
50%
Young Mr. Lincoln Vers sa destinée
50%
She Wore a Yellow Ribbon La Charge héroïque
38%
Wagon Master Le Convoi des braves
38%
The Informer Le Mouchard
38%
They Were Expendable Les Sacrifiés
25%
Aucun quiz correspondant
Distribution des résultats
% des personnes avec chaque résultat
Percentile par nombre de réponses
Votre historique - résultats
Vous n’avez pas pris ce quiz